Pluralismo jurd̕ico estatal entre conflicto y dil̀ogo: Enseąnzas de un caso colombiano /

Bibliographic Details
Main Author: Lp̤ez Cuľlar, Nelcy
Format: eBook
Published: Colombia: Editorial Universidad de Rosario, 2014.
Subjects:
Online Access:Acceso restringido

MARC

LEADER 00000nam a22000007a 4500
005 20161118131351.0
007 cr|||| ||u|
008 161118s2014 Ck |||||o|||| 001 0 Spa d
020 |a 978-958-738-564-9 
035 |a 14551 
040 |a vLex 
090 |c 6398  |d 6398 
100 |a Lp̤ez Cuľlar, Nelcy 
245 1 |a  Pluralismo jurd̕ico estatal  |h [Recurso electrn̤ico] :  |b entre conflicto y dil̀ogo: Enseąnzas de un caso colombiano /  |c Nelcy Lp̤ez Cuľlar. 
256 1 |a Servicio en ln̕ea 
260 |a Colombia:  |b Editorial Universidad de Rosario,  |c 2014. 
300 |a 1 Recurso electrn̤ico 
506 1 |a Disponible en los productos indicados  |d vLex Global  |d vLex Global (Academic Edition, excluding Law Schools)  |d vLex Global (U.S. Academic Edition, Law Schools)  |d vLex Global (U.S. Academic Edition, excluding Law Schools)  |d vLex Global (Academic Edition, Law Schools) 
650 0 4 |a Derecho constitucional  |z Colombia 
740 1 |a vLex libros (servicio en ln̕ea) 
856 4 0 |u http://vlex.com/source/pluralismo-juridico-estatal-entre-conflicto-y-dialogo-ense-anzas-de-un-caso-colombiano-14551  |z Acceso restringido 
942 |c BOOK 
999 0 |a Constitutional law